Criminal procedure systems in the European community
Gespeichert in:
| Format: | Buch |
|---|---|
| Sprache: | Undetermined |
| Veröffentlicht: |
London
Butterworths
1993
|
| Schlagworte: | |
| Tags: |
Tag hinzufügen
Keine Tags, Fügen Sie den ersten Tag hinzu!
|
| Thư viện lưu trữ: | Trung tâm Học liệu Trường Đại học Cần Thơ |
|---|
| LEADER | 00498nam a2200169Ia 4500 | ||
|---|---|---|---|
| 001 | CTU_27172 | ||
| 008 | 210402s9999 xx 000 0 und d | ||
| 020 | |c 292.50 | ||
| 082 | |a 345.05 | ||
| 082 | |b C931 | ||
| 245 | 0 | |a Criminal procedure systems in the European community | |
| 260 | |a London | ||
| 260 | |b Butterworths | ||
| 260 | |c 1993 | ||
| 650 | |a Criminal law,Criminal procedure (European community) | ||
| 904 | |i Minh, Giang sửa | ||
| 980 | |a Trung tâm Học liệu Trường Đại học Cần Thơ | ||